| 000 | 00923nam a2200229 i 4500 | ||
|---|---|---|---|
| 003 | EG-ScBUE | ||
| 005 | 20230507104100.0 | ||
| 008 | 100718s2007 ua o f 000 0 ara d | ||
| 040 |
_aEG-ScBUE _bara _erda _cEG-ScBUE _dEG-ScBUE |
||
| 082 | 0 | 4 |
_222 _a792 _bم هـ ر |
| 110 | 1 |
_916378 _aمصر. _bوزارة الثقافة، _eمؤلف. |
|
| 245 | 1 | 0 |
_aمهرجان القاهرة الدولي للمسرح التجريبي 19 : _b1 - 11 سبتمبر 2007 / _cوزارة الثقافة. |
| 264 | 1 |
_aالقاهرة : _bوزارة الثقافة، _c2007. |
|
| 300 |
_a243، 241 صفحة : _bصور ؛ _c24 سم |
||
| 541 |
_aألف باء ؛ _cشراء ؛ |
||
| 546 | _aالنص باللغتين العربية و الإنجليزية. | ||
| 650 | 7 |
_916379 _aالمسرح التجريبي. _2BUEsh |
|
| 650 | 7 |
_916380 _aالفنون المسرحية. _2BUEsh |
|
| 653 | _bART | ||
| 655 | _vReading book | ||
| 942 |
_2ddc _cBB |
||
| 999 |
_c14498 _d14498 |
||